LEADER 03290oam 2200325 450 001 9910417823403321 005 20210527123559.0 035 $a(CKB)5310000000010153 035 $a(EXLCZ)995310000000010153 100 $a20201117c2018uuuu uu 0 101 0 $aeng 135 $auubu#---uu|uu 181 $ctxt$2rdacontent 182 $cn$2rdamedia 183 $anc$2rdacarrier 200 00$a"Per amor di poesia (o di versi)" $eseminario su Giorgio Caproni /$fa cura di Anna Dolf 210 1$aItaly :$cFirenze University Press,$d2018 215 $a1 online resource (232 pages) $cillustrations; digital, PDF file(s) 225 1 $aModerna/Comparata ;$v28 311 08$aPrint version: 9788864537665 320 $aIncludes bibliographical references and index. 330 $aGiorgio Caproni is certainly one of the most loved poets of our twentieth century. Anna Dolfi intercepted this widespread passion to involve not only well-known capronists but also young researchers in new research. The result is a book of considerable richness which, together with an overall vision, offers a series of hermeneutic insights on hitherto less popular themes (memory, bestiaries), combining new readings of exemplary texts with unpublished documents, reflections on language, poetics, musical, pictorial, mythical suggestions, without forgetting the capronian activity of translation, self-comment and civil commitment. A functional subdivision of the book into Paths and crossings, Readings (and immediate surroundings), Findings between / from archive papers enhances the diversity of critical offers and close comparisons, surveys and commentary experiments, explication de texte, and puts the great technical expertise and the extreme lyrical depth of an author who, between cantability and dissonances, arpeggios and apostrophes, cabalettes and cadences, flourishes and delays, vocalizations and versicles, reprisals and dismissals, loquacity and aphasia, was able to interpret the contradictory research, the questions, the fears, the faults, the incurable wounds of our time.A. Dolfi teaches modern and contemporary Italian literature at the University of Florence and is a member of the Accademia Nazionale dei Lincei. Among the major scholars of Leopardi, Leopardism, fiction and poetry of the twentieth century, he has designed and edited volumes of a comparative slant dedicated to the "Forms of subjectivity" on the themes of intimate journal, epistolary writing, melancholy and melancholy illness, neurosis and madness, of otherness and double in modern literatures, and collections on writers' essays, philosophical reflection in fiction, the unfinished, the Proustian myth, real and imaginary libraries, the relationship between literature and photographers, between Judaism and testimony. As for Caproni, in 2012 he oversaw the re-edition of the original Rooms of the funicular (Genoa, Giorgio and Lilli Devoto Foundation) and collected in 2014 his numerous essays on the author in a book, Caproni, the lost thing and melancholy. 410 0$aModerna/Comparata ;$v28. 608 $bElectronic books. 702 $aDolf$b Anna 801 2$bUkMaJRU 906 $aBOOK 912 $a9910417823403321 996 $a"Per amor di poesia (o di versi)"$92183209 997 $aUNINA LEADER 03421nam 22005775 450 001 9910513577503321 005 20231024122046.0 010 $a9783030828639 010 $a3030828638 024 7 $a10.1007/978-3-030-82863-9 035 $a(MiAaPQ)EBC6828332 035 $a(Au-PeEL)EBL6828332 035 $a(CKB)20151375400041 035 $a(OCoLC)1290485200 035 $a(DE-He213)978-3-030-82863-9 035 $a(EXLCZ)9920151375400041 100 $a20211206d2021 u| 0 101 0 $aeng 135 $aurcnu|||||||| 181 $ctxt$2rdacontent 182 $cc$2rdamedia 183 $acr$2rdacarrier 200 14$aThe 2018 Global Migration Compact $eA Major Breakthrough or an Opportunity Lost or Both? /$fby Bimal Ghosh 205 $a1st ed. 2021. 210 1$aCham :$cSpringer International Publishing :$cImprint: Palgrave Macmillan,$d2021. 215 $a1 online resource (97 pages) 311 08$aPrint version: Ghosh, Bimal The 2018 Global Migration Compact Cham : Springer International Publishing AG,c2021 9783030828622 327 $a1. Why a multilateral agreement on migration is so important and yet why so difficult to achieve it -- 2. How valid are these constraints -- 3. Attempts at reaching a multilateral agreement on migration: a synoptic history -- 4. The New York Declaration and the 2018 Global Compact on Migration -- 5. What makes the Compact incomplete and lopsided -- 6. Conclusions. 330 $aThis book analyses the 2018 Global Compact on Migration and the need for, and difficulties of adopting a multilateral agreement on migration. Particular attention is given to the challenges and constraints involved, given not only the divergent needs and conditions of different counties but also the varying interests of different groups within countries. A synoptic history of previous attempts at reaching a multilateral migration agreement is provided, from 1927 onwards, to give context to the recent negotiations. [The lack of a clear recognition of migration as a global process and the absence of a firm commitment to responsibility- sharing arrangements are highlighted.] [The book explains why the 2018 migration is both a breakthrough and at the same time an opportunity lost. In doing so,] it also analyses the limitations of the present deal, including inadequate attention to the root causes of forced and disruptive migration in origin countries, and highlights how the 2018 agreement can be built upon to create a dynamic harmony in the global migration system. The book will be relevant to researchers and policy makers as well as to professionals and activists concerned with migration, labour economics and international development. 606 $aLabor economics 606 $aInternational economic relations 606 $aLaw and economics 606 $aLabor Economics 606 $aInternational Economics 606 $aLaw and Economics 615 0$aLabor economics. 615 0$aInternational economic relations. 615 0$aLaw and economics. 615 14$aLabor Economics. 615 24$aInternational Economics. 615 24$aLaw and Economics. 676 $a304.8 676 $a325.1 700 $aGhosh$b Bimal$0149283 801 0$bMiAaPQ 801 1$bMiAaPQ 801 2$bMiAaPQ 906 $aBOOK 912 $a9910513577503321 996 $aThe 2018 Global Migration Compact$92567016 997 $aUNINA